000 00359nam a2200145 i 4500
001 bg
100 1 _aTHADANI, B. N.
245 0 _aModern methods in structural mechanics /
_cN.B. Thadani.
260 _aLondon :
_bASIA Publishing House,
_c1964.
040 _cBPK
041 _apol
080 _a624
942 _cKS
008 s pl f |000 0 pol
999 _c9341
_d9341
856 _uhttp://koha.tu.koszalin.pl/cgi-bin/koha/opac-detail.pl?biblionumber=9341
_yKatalog online BPK